| Tag |
First Indicator |
Second Indicator |
Subfields |
| LEADER |
00000cam a2200000 4500 |
| 001 |
in00000065958 |
| 005 |
20151008051232.0 |
| 008 |
780130s1914 nyu 00010 engm |
| 010 |
|
|
|a 14010061
|
| 035 |
|
|
|a (OCoLC)03588528
|
| 035 |
|
|
|9 AAG6659AM
|
| 040 |
|
|
|a DLC
|c FQG
|d FQG
|d TXA
|d UtOrBLW
|
| 049 |
|
|
|a TXAM
|c [8322]
|
| 050 |
|
0 |
|a JX1951.U6
|b T3
|
| 090 |
|
|
|a JX1961.U6
|b .T3
|
| 092 |
|
|
|a 341
|b T12
|
| 100 |
1 |
|
|a Taft, William H.
|q (William Howard),
|d 1857-1930.
|
| 245 |
1 |
4 |
|a The United States and peace /
|c by William H. Taft.
|
| 264 |
|
1 |
|a New York :
|b C. Scribners's sons,
|c 1914.
|
| 300 |
|
|
|a viii, 1 unnumbered page, l leaves, 182 pages ;
|c 20 cm.
|
| 336 |
|
|
|a text
|b txt
|2 rdacontent
|
| 337 |
|
|
|a unmediated
|b n
|2 rdamedia
|
| 338 |
|
|
|a volume
|b nc
|2 rdacarrier
|
| 500 |
|
|
|a "Four chapters...delivered last winter as lectures under the auspices of the [New York peace] society. They were also published as contributions to the Independent."--Foreword.
|
| 505 |
0 |
|
|a The Monroe doctrine: its limitations and implications.--Shall the federal government protect aliens in their treaty rights?--Arbitration treaties that mean something.--Experiments in federation for judicial settlement of international disputes.
|
| 650 |
|
0 |
|a Monroe doctrine.
|
| 650 |
|
0 |
|a Arbitration (International law)
|
| 999 |
|
|
|a MARS
|
| 999 |
f |
f |
|s a5f19565-19cc-389c-826c-e79a5e7e3607
|i 915850fc-df2a-35bd-81f0-f64dddbd0efa
|t 0
|
| 952 |
f |
f |
|p ric
|a Texas A&M University
|b Rellis Campus
|c Joint Library Facility
|d Remote Storage
|t 0
|e JX1961.U6 .T3
|h Library of Congress classification
|i unmediated -- volume
|m A14800781742
|
| 998 |
f |
f |
|a JX1961.U6 .T3
|t 0
|l Remote Storage
|